日本の全鉄道路線 - Statistics

General Stats
  • This quiz has been taken 185 times
    8 since last reset
  • The average score is 328 of 591
Answer Stats
Answer % Correct
東海道本線
100%
山手線
100%
根岸線
100%
横須賀線
100%
常磐線
100%
本線
100%
東横線
100%
空港線
100%
本線(鉄道線)
100%
本線(軌道線)
100%
函館本線
75%
北海道新幹線
75%
札沼線
75%
千歳線
75%
石勝線
75%
室蘭本線
75%
日高本線
75%
根室本線
75%
富良野線
75%
宗谷本線
75%
石北本線
75%
釧網本線
75%
赤羽線
75%
鶴見線
75%
横浜線
75%
伊東線
75%
中央本線
75%
八高線
75%
小海線
75%
篠ノ井線
75%
大糸線
75%
東北本線
75%
東北新幹線
75%
高崎線
75%
上越線
75%
上越新幹線
75%
両毛線
75%
水戸線
75%
日光線
75%
仙石線
75%
気仙沼線
75%
大船渡線
75%
北上線
75%
釜石線
75%
田沢湖線
75%
山田線
75%
八戸線
75%
大湊線
75%
磐越東線
75%
磐越西線
75%
只見線
75%
奥羽本線
75%
米坂線
75%
五能線
75%
羽越本線
75%
陸羽東線
75%
陸羽西線
75%
信越本線
75%
北陸新幹線
75%
越後線
75%
京葉線
75%
外房線
75%
内房線
75%
東海道新幹線
75%
御殿場線
75%
身延線
75%
飯田線
75%
武豊線
75%
高山本線
75%
太多線
75%
関西本線
75%
紀勢本線
75%
名松線
75%
参宮線
75%
湖西線
75%
大阪環状線
75%
桜島線
75%
福知山線
75%
北陸本線
75%
小浜線
75%
越美北線
75%
七尾線
75%
城端線
75%
氷見線
75%
山陽本線
75%
山陽新幹線
75%
加古川線
75%
播但線
75%
姫新線
75%
赤穂線
75%
津山線
75%
吉備線
75%
宇野線
75%
本四備讃線
75%
伯備線
75%
芸備線
75%
福塩線
75%
呉線
75%
可部線
75%
岩徳線
75%
山口線
75%
宇部線
75%
小野田線
75%
美祢線
75%
山陰本線
75%
舞鶴線
75%
因美線
75%
境線
75%
草津線
75%
奈良線
75%
桜井線
75%
片町線
75%
和歌山線
75%
阪和線
75%
関西空港線
75%
予讃線
75%
内子線
75%
予土線
75%
高徳線
75%
鳴門線
75%
徳島線
75%
牟岐線
75%
土讃線
75%
鹿児島本線
75%
九州新幹線
75%
香椎線
75%
篠栗線
75%
三角線
75%
肥薩線
75%
指宿枕崎線
75%
長崎本線
75%
西九州新幹線
75%
唐津線
75%
筑肥線
75%
佐世保線
75%
大村線
75%
久大本線
75%
豊肥本線
75%
日豊本線
75%
日南線
75%
宮崎空港線
75%
吉都線
75%
伊勢崎線
75%
大師線
75%
小泉線
75%
宇都宮線
75%
野田線
75%
東上本線
75%
越生線
75%
池袋線
75%
新宿線
75%
国分寺線
75%
拝島線
75%
押上線
75%
千葉線
75%
金町線
75%
松戸線
75%
京王線
75%
高尾線
75%
井の頭線
75%
小田原線
75%
江ノ島線
75%
多摩線
75%
池上線
75%
こどもの国線
75%
久里浜線
75%
名古屋本線
75%
西尾線
75%
三河線
75%
蒲郡線
75%
常滑線
75%
河和線
75%
知多新線
75%
瀬戸線
75%
小牧線
75%
犬山線
75%
広見線
75%
津島線
75%
羽島線
75%
豊川線
75%
大阪線
75%
難波線
75%
橿原線
75%
南大阪線
75%
吉野線
75%
長野線
75%
京都線
75%
生駒線
75%
田原本線
75%
名古屋線
75%
湯の山線
75%
鳥羽線
75%
南海本線
75%
多奈川線
75%
加太線
75%
和歌山港線
75%
高野線
75%
鋼索線
75%
泉北線
75%
交野線
75%
京阪本線
75%
中之島線
75%
宇治線
75%
鴨東線
75%
京津線
75%
石山坂本線
75%
京都本線
75%
千里線
75%
嵐山線
75%
神戸本線
75%
今津線
75%
伊丹線
75%
甲陽線
75%
宝塚本線
75%
箕面線
75%
神戸高速線
75%
阪神なんば線
75%
武庫川線
75%
天神大牟田線
75%
太宰府線
75%
貝塚線
75%
甘木線
75%
南北線
75%
網干線
75%
烏丸線
75%
JR東西線
75%
海峡線
50%
南武線
50%
武蔵野線
50%
相模線
50%
青梅線
50%
五日市線
50%
水郡線
50%
川越線
50%
吾妻線
50%
烏山線
50%
仙山線
50%
石巻線
50%
左沢線
50%
男鹿線
50%
津軽線
50%
白新線
50%
飯山線
50%
弥彦線
50%
総武本線
50%
成田線
50%
鹿島線
50%
久留里線
50%
東金線
50%
木次線
50%
おおさか東線
50%
日田彦山線
50%
筑豊本線
50%
後藤寺線
50%
桐生線
50%
佐野線
50%
鬼怒川線
50%
西武秩父線
50%
多摩湖線
50%
豊島線
50%
狭山線
50%
多摩川線
50%
東成田線
50%
千原線
50%
成田空港線
50%
目黒線
50%
東急新横浜線
50%
大井町線
50%
田園都市線
50%
世田谷線
50%
逗子線
50%
相鉄本線
50%
相鉄いずみ野線
50%
相鉄新横浜線
50%
豊田線
50%
築港線
50%
各務原線
50%
尾西線
50%
竹鼻線
50%
天理線
50%
信貴線
50%
道明寺線
50%
御所線
50%
鈴鹿線
50%
志摩線
50%
生駒鋼索線
50%
西信貴鋼索線
50%
高師浜線
50%
東西線
50%
東豊線
50%
湯の川線
50%
荒川線
50%
西神延伸線
50%
西神線
50%
海岸線
50%
北神線
50%
健軍線
50%
谷山線
50%
道南いさりび鉄道線
50%
津軽鉄道線
50%
弘南線
50%
大鰐線
50%
青い森鉄道線
50%
いわて銀河鉄道線
50%
リアス線
50%
鳥海山ろく線
50%
秋田内陸線
50%
フラワー長井線
50%
阿武隈急行線
50%
飯坂線
50%
会津線
50%
ほくほく線
50%
日本海ひすいライン
50%
妙高はねうまライン
50%
しなの鉄道線
50%
北しなの線
50%
別所線
50%
上高地線
50%
立山線
50%
あいの風とやま鉄道線
50%
石川線
50%
常総線
50%
竜ケ崎線
50%
大洗鹿島線
50%
湊線
50%
真岡線
50%
会津鬼怒川線
50%
上毛線
50%
上信線
50%
わたらせ渓谷線
50%
埼玉高速鉄道線
50%
小湊鉄道線
50%
いすみ線
50%
流山線
50%
北総線
50%
東葉高速線
50%
芝山鉄道線
50%
鉄道線
50%
大雄山線
50%
駿豆線
50%
大月線
50%
河口湖線
50%
伊豆急行線
50%
静岡清水線
50%
大井川本線
50%
井川線
50%
天竜浜名湖線
50%
愛知環状鉄道線
50%
城北線
50%
三岐線
50%
北勢線
50%
伊勢線
50%
伊賀線
50%
内部線
50%
八王子線
50%
樽見線
50%
養老線
50%
明知線
50%
越美南線
50%
福武線
50%
勝山永平寺線
50%
三国芦原線
50%
ハピラインふくい線
50%
多賀線
50%
八日市線
50%
信楽線
50%
宮福線
50%
宮津線
50%
叡山本線
50%
鞍馬線
50%
水間線
50%
阪堺線
50%
上町線
50%
紀州鉄道線
50%
貴志川線
50%
有馬線
50%
三田線
50%
公園都市線
50%
粟生線
50%
妙見線
50%
日生線
50%
北条線
50%
水島本線
50%
清輝橋線
50%
井原線
50%
宇品線
50%
江波線
50%
横川線
50%
白島線
50%
宮島線
50%
錦川清流線
50%
智頭急行線
50%
若桜線
50%
大社線
50%
琴平線
50%
長尾線
50%
志度線
50%
高浜線
50%
横河原線
50%
郡中線
50%
城南線
50%
本町線
50%
伊野線
50%
後免線
50%
桟橋線
50%
中村線
50%
宿毛線
50%
阿佐線
50%
阿佐東線
50%
筑豊電気鉄道
50%
伊田線
50%
田川線
50%
門司港レトロ観光線
50%
西九州線
50%
島原鉄道線
50%
菊池線
50%
肥薩おれんじ鉄道線
50%
高森線
50%
湯前線
50%
ディズニーリゾートライン
50%
多摩都市モノレール線
50%
ユーカリが丘線
50%
ポートアイランド線
50%
六甲アイランド線
50%
1号線
50%
2号線
50%
3号線
50%
4号線
50%
6号線
50%
IRいしかわ鉄道線
50%
花輪線
25%
博多南線
25%
亀戸線
25%
西武園線
25%
西武有楽町線
25%
相模原線
25%
競馬場線
25%
動物園線
25%
東急多摩川線
25%
けいはんな線
25%
大森線
25%
日暮里・舎人ライナー
25%
上飯田線
25%
水前寺線
25%
上熊本線
25%
唐湊線
25%
仙台空港線
25%
新湊港線
25%
高岡軌道線
25%
不二越線
25%
上滝線
25%
富山港線
25%
支線
25%
安野屋線
25%
富山都心線
25%
浅野川線
25%
秩父本線
25%
銚子電気鉄道線
25%
江ノ島電鉄線
25%
岳南鉄道線
25%
渥美線
25%
東田本線
25%
西名古屋港線
25%
嵯峨野観光線
25%
嵐山本線
25%
北野線
25%
東山本線
25%
皆実線
25%
北松江線
25%
糸田線
25%
赤迫支線
25%
藤崎線
25%
東京モノレール羽田空港線
25%
江の島線
25%
大阪モノレール線
25%
沖縄都市モノレール線
25%
伊奈線
25%
金沢シーサイドライン
25%
ガイドウェイバス志段味線
25%
ケーブルカー
25%
比叡山鉄道線
25%
東部丘陵線
25%
1号線浅草線
25%
10号線新宿線
25%
11号線半蔵門線
25%
12号線大江戸線
25%
13号線副都心線
25%
2号線日比谷線
25%
3号線銀座線
25%
4号線丸ノ内線
25%
5号線東西線
25%
6号線三田線
25%
7号線南北線
25%
8号線有楽町線
25%
9号線千代田線
25%
宝来・谷地頭線
0%
幹線
0%
田崎線
0%
第一期線
0%
第二期線
0%
山鼻線
0%
山鼻西線
0%
都心線
0%
呉羽線
0%
富山駅南北接続線
0%
宇都宮芳賀ライトレール線
0%
常磐新線
0%
臨海副都心線
0%
近鉄連絡線
0%
中量軌道南港ポートタウン線
0%
北港テクノポート線
0%
大手町線
0%
花園線
0%
桜町支線
0%
大浦支線
0%
蛍茶屋支線
0%
国際文化公園都市モノレール線
0%
小倉線
0%
東京臨海新交通臨海線
0%
青函トンネル竜飛斜坑線
0%
筑波山鋼索鉄道線
0%
大山鋼索線
0%
十国鋼索線
0%
鞍馬山鋼索鉄道線
0%
天橋立鋼索鉄道
0%
六甲ケーブル線
0%
摩耶ケーブル線
0%
八栗ケーブル
0%
皿倉山ケーブルカー
0%
別府ラクテンチケーブル線
0%
1条線
0%
高速電気軌道第1号線
0%
広島新交通1号線
0%
高速電気軌道第2号線
0%
みなとみらい21線
0%
高速電気軌道第3号線
0%
高速電気軌道第4号線
0%
高速電気軌道第5号線
0%
高速電気軌道第6号線
0%
高速電気軌道第7号線
0%
高速電気軌道第8号線
0%
No matching quizzes found
Score Distribution
Percent of People with Each Score
Percentile by Number Answered
Your Score History
You have not taken this quiz since the last reset